Match the Country, Flag and Capital #2 - Statistics

General Stats
  • This quiz has been taken 50 times
  • The average score is 41 of 54
Answer Stats
Question Tile Select % Correct
Italy, Hungary or Bulgaria? No
100%
Italy, Hungary or Bulgaria? Minsk No
100%
Poland, Morocco or Monaco? No
98%
Italy, Hungary or Bulgaria? Italy No
95%
Poland, Morocco or Monaco? Rabat No
93%
Luxembourg, Liechtenstein or Lithuania? Yes
90%
Luxembourg, Liechtenstein or Lithuania? Luxembourg Yes
90%
Luxembourg, Liechtenstein or Lithuania? Luxembourg Yes
90%
Luxembourg, Liechtenstein or Lithuania? No
88%
Poland, Morocco or Monaco? Morocco No
88%
Ghana, Gambia or Gabon? No
85%
Estonia, Lithuania or Latvia? No
85%
Bhutan, Brunei or Bangladesh? No
85%
Ghana, Gambia or Gabon? No
83%
Luxembourg, Liechtenstein or Lithuania? Lithuania No
83%
Poland, Morocco or Monaco? Poland Yes
83%
Luxembourg, Liechtenstein or Lithuania? No
80%
Bhutan, Brunei or Bangladesh? Bangladesh No
80%
Italy, Hungary or Bulgaria? Bulgaria Yes
80%
Estonia, Lithuania or Latvia? Latvia No
80%
Ghana, Gambia or Gabon? Libreville No
80%
Luxembourg, Liechtenstein or Lithuania? Lithuania No
80%
Poland, Morocco or Monaco? Warsaw Yes
80%
Italy, Hungary or Bulgaria? Yes
78%
Ghana, Gambia or Gabon? Gambia No
78%
Ghana, Gambia or Gabon? Ghana Yes
78%
Luxembourg, Liechtenstein or Lithuania? Liechtenstein No
78%
Estonia, Lithuania or Latvia? Riga No
78%
Italy, Hungary or Bulgaria? Sofia Yes
78%
Bhutan, Brunei or Bangladesh? Timbuktu No
78%
Ghana, Gambia or Gabon? Yes
76%
Ghana, Gambia or Gabon? Banjul No
76%
Bhutan, Brunei or Bangladesh? Dhaka No
76%
Ghana, Gambia or Gabon? Gabon No
76%
Luxembourg, Liechtenstein or Lithuania? Liechtenstein No
76%
Italy, Hungary or Bulgaria? Bucharest No
73%
Estonia, Lithuania or Latvia? No
68%
Estonia, Lithuania or Latvia? Yes
68%
Ghana, Gambia or Gabon? Accra Yes
68%
Estonia, Lithuania or Latvia? Vilnius Yes
68%
Bhutan, Brunei or Bangladesh? Bandar Seri Begawan Yes
66%
Italy, Hungary or Bulgaria? Hungary No
66%
Estonia, Lithuania or Latvia? Lithuania Yes
66%
Poland, Morocco or Monaco? Monaco city No
66%
Poland, Morocco or Monaco? Yes
63%
Bhutan, Brunei or Bangladesh? Brunei Yes
63%
Estonia, Lithuania or Latvia? Tallinn No
63%
Poland, Morocco or Monaco? Monaco No
61%
Bhutan, Brunei or Bangladesh? Yes
59%
Estonia, Lithuania or Latvia? Estonia No
59%
Italy, Hungary or Bulgaria? No
56%
Bhutan, Brunei or Bangladesh? No
54%
Bhutan, Brunei or Bangladesh? Bhutan No
54%
Poland, Morocco or Monaco? No
41%
No matching quizzes found
Score Distribution
Percent of People with Each Score
Percentile by Number Answered
Your Score History
You have not taken this quiz